LEADER 01861nam0 2200457 i 450 001 RAV0240007 005 20251003044328.0 010 $a8842044776 020 $aIT$b94-8755 100 $a19960918d1994 ||||0itac50 ba 101 | $aita 102 $ait 181 1$6z01$ai $bxxxe 182 1$6z01$an 200 1 $aMarx, Weber, Schmitt$fKarl Lowith$gprefazione di Ernst Nolte 210 $aRoma \etc.!$cLaterza$d1994 215 $aXX, 169 p.$d21 cm 225 | $aSagittari Laterza$v80 300 $aTrad. di Ettore Brissa, Anna Künkler Giavotto, A. M. Pozzan. 410 0$1001CFI0014078$12001 $aSagittari Laterza$v80 606 $aWeber, Max$2FIR$3BVEC002917$9I 606 $aMarx, Karl$2FIR$3BVEC010650$9E 606 $aSchmitt, Carl$2FIR$3CFIC000165$9E 676 $a193$9FILOSOFIA OCCIDENTALE MODERNA. GERMANIA E AUSTRIA$v19 676 $a193$9FILOSOFIA OCCIDENTALE MODERNA. GERMANIA E AUSTRIA$v21 676 $a301$9SOCIOLOGIA E ANTROPOLOGIA$v20 676 $a301$9SOCIOLOGIA E ANTROPOLOGIA$v21 676 $a301.092$9SOCIOLOGIA E ANTROPOLOGIA. Persone$v20 676 $a320.01$9SCIENZA POLITICA. Filosofia e teoria$v20 700 1$aLöwith$b, Karl$3CFIV068962$4070$0375663 702 1$aNolte$b, Ernst$3CFIV046515 801 3$aIT$bIT-000000$c19960918 850 $aIT-BN0095 $aIT-SA0252 $aIT-NA0075 $aIT-AV0045 901 $bNAP MV$cE $nDEPOSITO LIBRARIO RELIGIONE SALA E 901 $bNAP 83$cIAN $n$ 901 $bNAP 01$cGUERRAZZI $n$ 912 $aRAV0240007 950 0$aBiblioteca Centralizzata di Ateneo$c1 v.$d 01GUERRAZZI A 0007$e 0101 0000085245 VMA 1 v.$fA $h20070710$i20070710 977 $a 01$a 83$a GE$a MV 996 $aMax Webers stellung zur wissenschaft$939471 997 $aUNISANNIO